000 005040000a22001810004500
003 MACL
005 20150731131133.0
008 150731b xxu||||| |||| 00| 0 eng d
040 _aMACL
_cMACL
041 _aEnglish
082 _a355/NAD
100 _aNadar, Dr. G. Krishnan
_93741
245 _aSocioE̜conomic Background of The Military History of Travancore kerala India
260 _bGovernment Victoria College
_c1993
350 _a250
650 _aMilitory Science
_93499
942 _cBK
_k355
_2ddc
999 _c2544
_d2544